| 000 | 00000nam##2200000za#4500 |
| 001 | 9.648344 |
| 003 | CaOODSP |
| 005 | 20241203113635 |
| 007 | ta |
| 008 | 150407|2001||||xxc||||| f|0| 0 eng|d |
| 020 | |a0-662-31103-5 |
| 040 | |aCaOODSP|beng |
| 043 | |an-cn--- |
| 086 | 1 |aEn21-208/2001E |
| 110 | 1 |aCanada. |bEnvironment Canada. |
| 245 | 10|aImplementing Canada's National Programme of Action for the Protection of the Marine Environment from Land-based Activities : |bnational report to the 2001 Intergovernmental Review Meeting on Implementation of the Global Programme of Action / |cprepared by the Federal/Provincial/Territorial Advisory Committee on Canada's National Programme of Action for the Protection of the Marine Environment from Land-based Activities. |
| 260 | |aOttawa - Ontario : |bEnvironment Canada |c2001. |
| 300 | |aviii, 21p. : |bmaps, references, tables ; |c28 cm. |
| 500 | |aIncludes Annex: overview of selected initiatives (43p.). |
| 563 | |aSpiral binding |
| 590 | |a01-48|b2001-11-30 |
| 690 | 07|aFederal programs|2gcpds |
| 690 | 07|aWater pollution|2gcpds |
| 690 | 07|aEnvironmental impact assessment|2gcpds |
| 775 | 08|tMise en oeuvre du Programme d'action pour la protection du milieu marin contre la pollution due aux activités terrestres : |w(CaOODSP)9.681642 |
| 776 | 0#|tImplementing Canada's National Programme of Action for the Protection of the Marine Environment from Land-based Activities : |w(CaOODSP)9.696184 |